Normal view
MARC view
Entry Personal Name
001 - CONTROL NUMBER
- control field: 73200
003 - CONTROL NUMBER IDENTIFIER
- control field: dpl
005 - DATE AND TIME OF LATEST TRANSACTION
- control field: 20241023114849.0
008 - FIXED-LENGTH DATA ELEMENTS
- fixed length control field: 241023|| aca||aabn | a|a d
040 ## - CATALOGING SOURCE
- Original cataloging agency: dpl
- Transcribing agency: dpl
100 ## - HEADING--PERSONAL NAME
- Personal name: Rao ,Chennamaneni Rajeshwara
670 ## - SOURCE DATA FOUND
- Source citation: Work cat.: (dpl)206597: Rao ,Chennamaneni Rajeshwara , Quest For Truth: An Autobiography of Chennamaneni/, 2012
